[Event "V Open"]
[Site "Crema ITA"]
[Date "2003.09.07"]
[Round "6"]
[White "Milan, Paolo"]
[Black "Bignami, Venanzio"]
[Result "1-0"]
[WhiteElo "1537"]
[BlackElo "1564"]
[PlyCount "61"]
[EventDate "2003.09.05"]

1. c4 c5 2. Nc3 Nc6 3. g3 g6 4. Bg2 Bg7 5. e4 Nf6 6. Nge2 O-O 7. O-O d6 8. d3
h6 9. h3 Rb8 10. Be3 b6 11. Qd2 Bd7 12. Bxh6 Qc8 13. Kh2 Ne5 14. Bxg7 Kxg7 15.
f4 Nc6 16. f5 Rh8 17. Nd5 Nxd5 18. cxd5 Ne5 19. d4 Nc4 20. Qc3 cxd4 21. Qxd4+
Ne5 22. Rac1 Qa6 23. Nf4 gxf5 24. exf5 f6 25. Ne6+ Bxe6 26. fxe6 Rb7 27. Rf5
Qxa2 28. Rxe5 fxe5 29. Qg4+ Kh6 30. Qh4+ Kg7 31. Qg5+ 1-0

[Event "V Open"]
[Site "Crema ITA"]
[Date "2003.09.07"]
[Round "6"]
[White "Murgia, Andrea"]
[Black "Cocozza, Mario"]
[Result "1-0"]
[WhiteElo "2123"]
[BlackElo "2356"]
[PlyCount "75"]
[EventDate "2003.09.05"]

1. e4 c6 2. d4 d5 3. Nc3 dxe4 4. Nxe4 Nd7 5. Nf3 Ngf6 6. Ng3 e6 7. Bc4 Nb6 8.
Bb3 c5 9. c3 Qc7 10. O-O Be7 11. Qe2 O-O 12. Ne5 Rd8 13. Be3 Nbd5 14. Rae1 Bd7
15. Bg5 Be8 16. c4 Nb6 17. d5 Nfxd5 18. cxd5 Bxg5 19. dxe6 fxe6 20. Qg4 c4 21.
Bc2 Bf6 22. Qxe6+ Bf7 23. Bxh7+ Kxh7 24. Nxf7 Rd5 25. Ne4 Rh5 26. h3 Rf8 27.
Nxf6+ gxf6 28. Nd6 Nd5 29. Re4 Rd8 30. Nxc4 f5 31. Rd4 Nf4 32. Rxf4 Qxf4 33.
Qe7+ Kh6 34. Qxd8 Qxc4 35. Rd1 Rh4 36. Rd6+ Kh5 37. Qh8+ Kg5 38. Qg7+ 1-0

[Event "V Open"]
[Site "Crema ITA"]
[Date "2003.09.07"]
[Round "6"]
[White "Pezzotta, Gianni"]
[Black "Potenza, Gaetano"]
[Result "0-1"]
[WhiteElo "1299"]
[BlackElo "1522"]
[PlyCount "80"]
[EventDate "2003.09.05"]

1. d4 c6 2. c4 d5 3. e3 Bf5 4. Nc3 Nf6 5. Bd3 Bg6 6. Nf3 dxc4 7. Bxc4 Nbd7 8.
h3 e6 9. Nh4 Be4 10. Nf3 Bb4 11. Bd2 Qa5 12. Nxe4 Nxe4 13. Qc2 Ndf6 14. Bd3
Nxd2 15. Nxd2 Qg5 16. O-O Bxd2 17. Qxd2 O-O 18. Rac1 Rac8 19. Qb4 Nd5 20. Qxb7
Rb8 21. Qxa7 Rxb2 22. Rc5 f5 23. Qa5 Nxe3 24. g3 Nxf1 25. Kxf1 Qd2 26. Qxd2
Rxd2 27. Bc4 Kf7 28. Rxc6 Re8 29. a4 Rxd4 30. Bb5 Re7 31. Rc5 Ra7 32. Kg2 Kf6
33. Rc8 Rb4 34. Rc1 Rb2 35. Ra1 Rxb5 36. Rd1 Rxa4 37. Rd8 Rb2 38. Rf8+ Kg6 39.
Re8 Re2 40. Kf3 Raa2 0-1

[Event "V Open"]
[Site "Crema ITA"]
[Date "2003.09.07"]
[Round "6"]
[White "Raffaldi, Fabrizio"]
[Black "Beretta, Giovanni"]
[Result "1-0"]
[WhiteElo "1606"]
[BlackElo "1437"]
[PlyCount "59"]
[EventDate "2003.09.05"]

1. e4 e5 2. f4 Nf6 3. Nc3 d6 4. Nf3 Bg4 5. Bc4 h6 6. O-O Nbd7 7. d3 Nc5 8. b4
Ne6 9. h3 Bxf3 10. Qxf3 Nd4 11. Qf2 exf4 12. Bxf4 Nc6 13. d4 d5 14. exd5 Bxb4
15. dxc6 O-O 16. Ne2 Ne4 17. Qf3 Re8 18. Bxf7+ Kh8 19. Bxe8 Qxe8 20. cxb7 Rb8
21. c3 Ba5 22. Rfe1 Nd6 23. Be5 Qe7 24. Nf4 Kg8 25. Qd5+ Qf7 26. Qxa5 Nc4 27.
Qd5 Nxe5 28. Rxe5 c6 29. Qxf7+ Kxf7 30. Rb1 1-0

[Event "V Open"]
[Site "Crema ITA"]
[Date "2003.09.07"]
[Round "6"]
[White "Reduzzi, Maurizio"]
[Black "Panizzi, Giuseppe"]
[Result "1-0"]
[WhiteElo "1749"]
[BlackElo "1844"]
[PlyCount "75"]
[EventDate "2003.09.05"]

1. d4 Nf6 2. Nf3 d5 3. c4 e6 4. Nc3 c6 5. cxd5 exd5 6. Bg5 Be7 7. e3 h6 8. Bxf6
Bxf6 9. Bd3 Bg4 10. h3 Be6 11. Qc2 Nd7 12. O-O O-O 13. b4 a6 14. Na4 Re8 15.
Nc5 Qc8 16. a4 Nf8 17. Rab1 g5 18. b5 axb5 19. axb5 Re7 20. bxc6 bxc6 21. Rfc1
Rb8 22. Rxb8 Qxb8 23. Na6 Qd8 24. Qxc6 Kg7 25. Nc7 g4 26. hxg4 Bxg4 27. Nxd5
Re6 28. Qc4 Bxf3 29. gxf3 Bh4 30. Nf4 Rd6 31. Qc5 Bg5 32. Nh5+ Kg8 33. Qf5 Rd5
34. Qg4 Kh8 35. Rc8 Qe7 36. Rxf8+ Qxf8 37. Qe4 Qg8 38. Qxd5 1-0

[Event "V Open"]
[Site "Crema ITA"]
[Date "2003.09.07"]
[Round "6"]
[White "Romano, Zeno"]
[Black "Bozuffi, Italo"]
[Result "1/2-1/2"]
[WhiteElo "1500"]
[BlackElo "1570"]
[PlyCount "80"]
[EventDate "2003.09.05"]

1. e4 Nc6 2. d4 e5 3. d5 Nce7 4. Nf3 d6 5. Be3 f5 6. Nc3 f4 7. Bd2 a6 8. g3
fxg3 9. hxg3 Bg4 10. Bh3 Qd7 11. Nxe5 dxe5 12. Bxg4 Qd6 13. Be6 Nf6 14. Qe2 Nd7
15. f4 O-O-O 16. Be3 Kb8 17. O-O-O Ng6 18. f5 Ne7 19. Qf2 b6 20. Qe2 Kb7 21.
Nb1 Nf6 22. Bf2 Qb4 23. Nd2 Nc8 24. Nc4 Qa4 25. Rd3 Qxc4 26. d6 Qxe4 27. Bd5+
Qxd5 28. Rxd5 Nxd5 29. dxc7 Nxc7 30. Qxe5 h6 31. f6 gxf6 32. Qxf6 Be7 33. Qf3+
Kb8 34. Qe4 Bg5+ 35. Kb1 Rhe8 36. Qb4 Ka7 37. a3 Kb7 38. a4 a5 39. Qa3 Rd2 40.
Qf3+ Kb8 1/2-1/2

[Event "V Open"]
[Site "Crema ITA"]
[Date "2003.09.07"]
[Round "6"]
[White "Ruggeri, Dario"]
[Black "Menini, Luca"]
[Result "1-0"]
[WhiteElo "1714"]
[BlackElo "1486"]
[PlyCount "43"]
[EventDate "2003.09.05"]

1. e4 e6 2. d4 d5 3. Nc3 c6 4. e5 c5 5. dxc5 Bxc5 6. Nf3 Nc6 7. Bd3 Bd7 8. O-O
Qc7 9. Re1 a6 10. Bf4 Nge7 11. Bg3 Nb4 12. Bf1 Nf5 13. Bf4 Qb6 14. Qd2 Nd4 15.
Nxd4 Bxd4 16. Be3 Bxe3 17. Rxe3 O-O 18. Rg3 Rac8 19. Qh6 g6 20. Rh3 Rfe8 21.
Qxh7+ Kf8 22. Qh8+ 1-0

[Event "V Open"]
[Site "Crema ITA"]
[Date "2003.09.07"]
[Round "6"]
[White "Salami, Marco"]
[Black "Dallaglio, Giovanni"]
[Result "1-0"]
[WhiteElo "2177"]
[BlackElo "2034"]
[PlyCount "61"]
[EventDate "2003.09.05"]

1. e4 c6 2. d4 d5 3. e5 Bf5 4. Be3 Qb6 5. Qc1 e6 6. Nd2 c5 7. Ngf3 Nc6 8. c3
Rc8 9. Nb3 Qc7 10. dxc5 Nxe5 11. Nxe5 Qxe5 12. Bb5+ Kd8 13. O-O Qc7 14. Qd2 a6
15. Bf4 Qe7 16. Ba4 Rxc5 17. Nxc5 Qxc5 18. b4 Qc8 19. Qd4 b5 20. Bb3 Ne7 21. a4
Nc6 22. Qb6+ Ke7 23. axb5 axb5 24. Ra6 Nd8 25. Rfa1 Kf6 26. Ra8 Qxc3 27. Qxd8+
Be7 28. Qxh8 e5 29. R8a6+ Be6 30. Bg3 Qxb3 31. Bh4+ 1-0

[Event "V Open"]
[Site "Crema ITA"]
[Date "2003.09.07"]
[Round "6"]
[White "Scarpellini, Felice"]
[Black "Scotti, Luigi"]
[Result "1-0"]
[WhiteElo "1633"]
[BlackElo "1507"]
[PlyCount "43"]
[EventDate "2003.09.05"]

1. c4 e5 2. Nc3 Nf6 3. g3 Nc6 4. Bg2 Bb4 5. e3 O-O 6. Nge2 Re8 7. O-O d6 8. d4
exd4 9. Nxd4 Ne5 10. Nd5 Nxd5 11. cxd5 c5 12. dxc6 bxc6 13. f4 Nc4 14. Qb3 a5
15. Nxc6 Qb6 16. Nxb4 Qxb4 17. Qxb4 axb4 18. Bxa8 Bh3 19. Bg2 Bxg2 20. Kxg2
Nxe3+ 21. Bxe3 Rxe3 22. Rfe1 1-0

[Event "V Open"]
[Site "Crema ITA"]
[Date "2003.09.07"]
[Round "6"]
[White "Tamburini, Lorenzo"]
[Black "Pancioni, Marco"]
[Result "1-0"]
[WhiteElo "1783"]
[BlackElo "1597"]
[PlyCount "65"]
[EventDate "2003.09.05"]

1. e4 e6 2. Nf3 d5 3. Nc3 Nf6 4. e5 Nfd7 5. d4 c5 6. Bb5 Nc6 7. O-O cxd4 8.
Bxc6 dxc3 9. Bxd7+ Bxd7 10. bxc3 Be7 11. Rb1 b6 12. Qd3 h6 13. Nd4 O-O 14. Qg3
Kh8 15. Qh3 Qc8 16. Bd2 f6 17. f4 fxe5 18. fxe5 Rxf1+ 19. Rxf1 Qg8 20. Bxh6
gxh6 21. Qxh6+ Qh7 22. Qxh7+ Kxh7 23. Rf7+ Kg6 24. Rxe7 Rd8 25. h3 Kg5 26. g3
a6 27. Kg2 b5 28. h4+ Kg6 29. Kh3 a5 30. g4 Rc8 31. Ne2 Rc4 32. Kg3 Re4 33.
Nf4+ 1-0

[Event "V Open"]
[Site "Crema ITA"]
[Date "2003.09.07"]
[Round "6"]
[White "Volpati, Antonio"]
[Black "Zanotti, Luca"]
[Result "1-0"]
[WhiteElo "1510"]
[BlackElo "1600"]
[PlyCount "69"]
[EventDate "2003.09.05"]

1. e4 e5 2. Nf3 d6 3. h3 a6 4. Bc4 h6 5. O-O Nf6 6. d3 Be7 7. Nc3 O-O 8. Nd5
Nxd5 9. Bxd5 c6 10. Bb3 Bd7 11. Nh2 Bg5 12. f4 exf4 13. Bxf4 Bxf4 14. Rxf4 Be8
15. Qd2 Qc7 16. Raf1 Nd7 17. Rg4 Nc5 18. Qxh6 Ne6 19. Bxe6 fxe6 20. Rxf8+ Kxf8
21. Qh8+ Ke7 22. Rxg7+ Bf7 23. Qxa8 Qb6+ 24. Kh1 Qxb2 25. Nf3 Qxg7 26. Qxb7+
Kf6 27. Qxc6 Bh5 28. Qxd6 Bxf3 29. Qf4+ Kg6 30. Qg3+ Kf7 31. Qxg7+ Kxg7 32.
gxf3 Kg6 33. Kg2 Kg5 34. Kg3 e5 35. c4 1-0